000 01379nam a2200457 a 4500
003 AR-BaBNM
005 20251128210222.0
008 082120s2002 ||||||||||||||000 | spa||
020 _a950-12-2141-5
040 _cAR-BaBNM
245 0 0 _aMediación escolar
_bpropuestas, reflexiones y experiencias
260 _aBuenos Aires
_bPaidós
_c1999
300 _a300 p.
_btablas
490 0 _aPaidós educador
_vv. 141
504 _aContiene bibliografía al final de cada capítulo
650 4 _aTEORIA DE LA MEDIACION
650 4 _aMEDIADOR
650 4 _aCONFLICTO
650 4 _aSOLUCION DE CONFLICTOS
650 4 _aCANALES DE COMUNICACION
650 4 _aPROCESO DE COMUNICACION
650 4 _aCURRICULO
650 4 _aPAPEL DEL ALUMNO
653 _aMEDIACION ESCOLAR
653 _aPROYECTO INSTITUCIONAL
653 _aEXPERIENCIAS EDUCATIVAS
700 1 _aBrandoni, Florencia
_ecompilador
700 1 _aAlzate Sáez de Heredia, Ramón
700 1 _aAraiz Iverson, Rebecca
700 1 _aBarreiro, Telma
700 1 _aBorenstein, Beatriz Graciela
700 1 _aBrandoni, Florencia
700 1 _aGonzález Morón, María del Pilar
700 1 _aHalligan, Jim Ford
700 1 _aJohnson, Roger T.
700 1 _aMarfany Lastra, Eduardo Alberto
700 1 _aRosa, Graciela Noemí
700 1 _aShure, Myrna B.
942 _cBK
998 _cRaquel
999 _c14556
_d14556